[Event "COL-ch"]
[Site "Ibague"]
[Date "2013.07.07"]
[Round "11"]
[White "Manrique, Fernando"]
[Black "Escobar, Cesar"]
[Result "0-1"]
[WhiteElo "1991"]
[BlackElo "1742"]
[PlyCount "68"]
[EventDate "2013.07.01"]
[EventType "swiss"]
[EventRounds "11"]
[EventCountry "COL"]
[SourceTitle "EXT 2014"]
[Source "ChessBase"]
[SourceDate "2013.11.20"]
[SourceVersion "1"]
[SourceVersionDate "2013.11.20"]
[SourceQuality "1"]

1. e4 c6 2. Nf3 d5 3. Nc3 d4 4. Ne2 c5 5. c3 Bg4 6. cxd4 Bxf3 7. gxf3 cxd4 8. Qa4+ Nc6 9. Nf4 e5 10. Nd5 Nf6 11. Bb5 Rc8 12. Rg1 Nxd5 13. exd5 Qxd5 14. Rg3 d3 15. Bc4 Qd4 16. Qb3 Nb4 17. Bxf7+ Kd8 18. Rg4 Qc5 19. Kf1 Bd6 20. Rxg7 Rf8 21. Bh5 Qd5 22. Qxd5 Nxd5 23. Bg4 Rc7 24. Rxc7 Kxc7 25. a3 Nf4 26. b4 h5 27. h3 hxg4 28. hxg4 Nh3 29. Kg2 Ng5 30. Bb2 Nxf3 31. Rc1+ Kd7 32. Bc3 e4 33. Rh1 Rf7 34. Rh5 Bf4 0-1

[Event "COL-ch"]
[Site "Ibague"]
[Date "2013.07.04"]
[Round "6"]
[White "Castaneda Jimenez, Jhon David"]
[Black "Escobar, Cesar"]
[Result "1-0"]
[WhiteElo "2123"]
[BlackElo "1742"]
[PlyCount "83"]
[EventDate "2013.07.01"]
[EventType "swiss"]
[EventRounds "11"]
[EventCountry "COL"]
[SourceTitle "EXT 2014"]
[Source "ChessBase"]
[SourceDate "2013.11.20"]
[SourceVersion "1"]
[SourceVersionDate "2013.11.20"]
[SourceQuality "1"]

1. d4 d5 2. Nf3 Nf6 3. c4 c6 4. Nbd2 Bg4 5. Ne5 Bh5 6. Qb3 Qb6 7. Qh3 e6 8. c5 Qc7 9. g4 Bxc5 10. dxc5 Qxe5 11. gxh5 Nbd7 12. Qg3 Qxh5 13. e3 g6 14. Qf3 Qxf3 15. Nxf3 Nxc5 16. b3 0-0 17. Bb2 Nfe4 18. h4 h5 19. Ne5 Kh7 20. Rg1 f6 21. Nd3 Nxd3+ 22. Bxd3 f5 23. Rc1 Nf6 24. Ke2 Rae8 25. f3 e5 26. Bb1 Re6 27. b4 a6 28. a4 d4 29. Ba2 Ree8 30. b5 axb5 31. axb5 Ra8 32. Bb1 Rac8 33. exd4 exd4 34. Bxd4 Rfe8+ 35. Kf2 Nd5 36. bxc6 bxc6 37. Bd3 Nf4 38. Bf1 Red8 39. Be5 Nd3+ 40. Bxd3 Rxd3 41. Rgd1 Rxd1 42. Rxd1 1-0

[Event "IECG TE.2002.P.01111 email"]
[Site "IECG email"]
[Date "2002.12.30"]
[Round "?"]
[White "Kent, Kevin"]
[Black "Escobar, Cesar"]
[Result "1-0"]
[WhiteElo "1649"]
[BlackElo "1500"]
[PlyCount "21"]
[EventDate "2002.12.30"]
[EventType "tourn (corr)"]
[EventRounds "12"]
[SourceTitle "Corr 2008"]
[Source "ChessBase"]
[SourceDate "2008.06.24"]
[SourceVersion "1"]
[SourceVersionDate "2008.06.24"]
[SourceQuality "1"]

1. d4 Nf6 2. c4 c5 3. d5 e6 4. Nc3 exd5 5. cxd5 d6 6. e4 g6 7. f4 Nbd7 8. Bb5 a6 9. Bd3 b5 10. Nf3 b4 11. Na4 1-0